<?xml version="1.0" encoding="UTF-8"?>
<record
    xmlns:xsi="http://www.w3.org/2001/XMLSchema-instance"
    xsi:schemaLocation="http://www.loc.gov/MARC21/slim http://www.loc.gov/standards/marcxml/schema/MARC21slim.xsd"
    xmlns="http://www.loc.gov/MARC21/slim">

  <leader>00376nam a22001337a 4500</leader>
  <datafield tag="999" ind1=" " ind2=" ">
    <subfield code="c">57828</subfield>
    <subfield code="d">57828</subfield>
  </datafield>
  <controlfield tag="005">20210118122647.0</controlfield>
  <controlfield tag="008">201224s2019    ru ||||| |||| 00| 0 rus d</controlfield>
  <datafield tag="040" ind1=" " ind2=" ">
    <subfield code="c">     </subfield>
  </datafield>
  <datafield tag="041" ind1=" " ind2=" ">
    <subfield code="a">rus</subfield>
  </datafield>
  <datafield tag="245" ind1=" " ind2=" ">
    <subfield code="a">&#x420;&#x435;&#x444;&#x435;&#x440;&#x430;&#x442;&#x438;&#x432;&#x43D;&#x44B;&#x439; &#x436;&#x443;&#x440;&#x43D;&#x430;&#x43B; /</subfield>
    <subfield code="b">2019 .</subfield>
  </datafield>
  <datafield tag="260" ind1=" " ind2=" ">
    <subfield code="a">&#x41C;&#x43E;&#x441;&#x43A;&#x432;&#x430;,</subfield>
    <subfield code="c">2019.</subfield>
  </datafield>
  <datafield tag="653" ind1=" " ind2=" ">
    <subfield code="a">&#x10D4;&#x10DA;&#x10D4;&#x10E5;&#x10E2;&#x10E0;&#x10DD;&#x10DC;&#x10E3;&#x10DA;&#x10D8; &#x10DF;&#x10E3;&#x10E0;&#x10DC;&#x10D0;&#x10DA;&#x10D8;</subfield>
  </datafield>
  <datafield tag="942" ind1=" " ind2=" ">
    <subfield code="2">udc</subfield>
    <subfield code="c">BK</subfield>
  </datafield>
  <datafield tag="952" ind1=" " ind2=" ">
    <subfield code="0">0</subfield>
    <subfield code="1">0</subfield>
    <subfield code="2">udc</subfield>
    <subfield code="4">0</subfield>
    <subfield code="7">2</subfield>
    <subfield code="9">89814</subfield>
    <subfield code="a">CPL</subfield>
    <subfield code="b">CPL</subfield>
    <subfield code="c">GEN</subfield>
    <subfield code="d">2020-12-24</subfield>
    <subfield code="h"># 11 (2019)</subfield>
    <subfield code="p">p80707</subfield>
    <subfield code="r">2020-12-24</subfield>
    <subfield code="t">p80707</subfield>
    <subfield code="w">2020-12-24</subfield>
    <subfield code="y">CF</subfield>
  </datafield>
  <datafield tag="952" ind1=" " ind2=" ">
    <subfield code="0">0</subfield>
    <subfield code="1">0</subfield>
    <subfield code="2">udc</subfield>
    <subfield code="4">0</subfield>
    <subfield code="7">2</subfield>
    <subfield code="9">89815</subfield>
    <subfield code="a">CPL</subfield>
    <subfield code="b">CPL</subfield>
    <subfield code="c">GEN</subfield>
    <subfield code="d">2020-12-24</subfield>
    <subfield code="h"># 12 (2019)</subfield>
    <subfield code="p">p80706</subfield>
    <subfield code="r">2020-12-24</subfield>
    <subfield code="t">p80706</subfield>
    <subfield code="w">2020-12-24</subfield>
    <subfield code="y">CF</subfield>
  </datafield>
</record>
